000 00830nam a22002655a 4500
999 _c6407
_d6407
005 20190427102222.0
008 150813t2006 njua frb 001 0 eng d
010 _a011294037
020 _a0132260387
020 _a9780132260381
040 _aEG-ScBUE
_beng
_cEG-ScBUE
_dEG-ScBUE
082 0 4 _a332.6322
_bDOM
_222
100 1 _aDomash, Harry.
245 1 0 _aFire your stock analyst :
_banalyzing stocks on your own /
_cHarry Domash .
260 _aUpper Saddle River, N.J :
_bFinancial Time Prentice Hall,
_cc.2006.
300 _a375 p. :
_bill. ;
_c24 cm.
500 _aIndex : p. 363-375.
500 _aGlossary : p. 355-361.
500 _aAppendix : p. 333-349.
650 7 _aStocks.
_2BUEsh
650 7 _aInvestment analysis.
_2BUEsh
651 _2BUEsh
653 _bBUSADM
_cAugust2015
942 _2ddc